| 000 | 00676nam a2200217Ia 4500 | ||
|---|---|---|---|
| 005 | 20241129105947.0 | ||
| 008 | 241129s9999||||xx |||||||||||||| ||und|| | ||
| 020 | _a978-1-913107-28-4 | ||
| 037 | _aTB | ||
| 040 |
_aARTS _beng _cARTS |
||
| 041 |
_aeng _2eng |
||
| 084 |
_aN443 R2 _qARTS |
||
| 100 |
_aShaffer Holly Au. _9726704 |
||
| 245 | 0 |
_aGrafted arts: art making and taking in the struggle for western India 1760-1910 _cShaffer Holly Au. |
|
| 260 |
_aLondon _bNew Haven Paul Mellon centre for studies in British art _c2015 |
||
| 300 | _aviii,298p. | ||
| 365 |
_aUSD _b55 |
||
| 650 | _aArtsArchitecture | ||
| 942 |
_cTB _hN443 R2 |
||
| 999 |
_c1226772 _d1226772 |
||